000
00248 a2200085 4500
020
_a
9789383419821
100
_a
Suguru Mori
245
_a
Community Relocation, Disasters and Climate Change in Asia-Pacific Region
260
_b
COPAL Publishing Group
_c
2024
999
_c
13367
_d
13367